| 000 | 01419namaa22003251i 4500 | ||
|---|---|---|---|
| 005 | 20260308095508.0 | ||
| 008 | 260110s1995 ua a|||fr|m|| 000 0 eng d | ||
| 040 |
_aEG-GICUC _beng _cEG-GICUC _dEG-GICUC _erda |
||
| 041 | 0 |
_aeng _beng _bara |
|
| 049 | _aDeposit | ||
| 097 | _aM.Sc | ||
| 099 | _aCai01.12.20.M.Sc.1995.Ai.R | ||
| 100 | 0 |
_aAisha Mohamed Mohamed Moustafa, _epreparation. |
|
| 245 | 1 | 0 |
_aThe Relation between the mechanical properties of metallic cuzn alloys and their internal structures / _cBy Aisha Mohamed Mohamed Moustafa; Supervised Prof.Dr. R.K. Wassef, Prof.D. N.A.Ahmed, Prof.Dr. I.S. Ahmed |
| 246 | 1 | 5 | _aالعلاقة بين الميكانيكية للسبائك المعدنية ( النحاس والزنك ) والتركيب الداخلى لها |
| 264 | 0 | _c1995. | |
| 300 |
_a109 Leaves : _billustrations ; _c30 cm. + |
||
| 336 |
_2rda content _atext |
||
| 337 |
_2rdamedia _aUnmediated |
||
| 338 |
_2rdacarrier _avolume |
||
| 502 | _aThesis (M.Sc.) -Cairo University1995 | ||
| 504 | _aBibliography: pages 105 :109 | ||
| 653 | 0 |
_aPhysics _amechanical _ainternal structures |
|
| 700 | 0 |
_aR.K. Wassef _ethesis advisor. |
|
| 700 | 0 |
_aN.A. Ahmed _ethesis advisor. |
|
| 700 | 0 |
_aI.S. Ahmed _ethesis advisor. |
|
| 900 |
_DDepartment of Physics _FFaculty of Science _UCairo University _b1995 _cR.K. Wassef _cI.S. Ahmed _cN.A.Ahmed |
||
| 905 |
_aNagat _eNourhan |
||
| 942 |
_2ddc _cTH _e21 _n0 |
||
| 999 | _c177533 | ||